Statistics for Countries who voted to block the resolution on Syria (2019)

Click here to take the quiz!

General Stats

  • This quiz has been taken 28 times
  • The average score is 12 of 19

Answer Stats

Hint Answer % Correct
15Russia
100%
10Iran
94%
14North Korea
94%
6China
83%
18Venezuela
78%
2Belarus
72%
17Syria
72%
19Zimbabwe
67%
1Algeria
61%
13Nicaragua
56%
7Eritrea
56%
4Burundi
56%
12Myanmar
50%
3Bolivia
50%
8Ethiopia
44%
11Mauritania
44%
5Cameroon
39%
9Grenada
22%
16Saint Vincent and the Grenadines
17%

Score Distribution

Percentile by Number Answered

Percent of People with Each Score

Your Score History

You have not taken this quiz